[Event "CAN-op U2400"]
[Site "Montreal CAN"]
[Date "2014.07.20"]
[Round "2"]
[White "Dehmel, Jens"]
[Black "Reeve, Jeff"]
[Result "1/2-1/2"]
[WhiteElo "2067"]
[BlackElo "2245"]
[PlyCount "82"]
[EventDate "2014.07.19"]
[EventType "swiss"]
[EventRounds "9"]
[EventCountry "CAN"]

1. d4 Nf6 2. c4 c5 3. Nf3 cxd4 4. Nxd4 e5 5. Nb5 d5 6. cxd5 Bc5 7. g3 O-O 8.
N5c3 Qe7 9. Bg2 e4 10. O-O Bf5 11. Nd2 Nbd7 12. Nc4 Nb6 13. Nxb6 Bxb6 14. Bg5
Rfe8 15. Qb3 Qe5 16. Rad1 Nd7 17. Na4 Bg4 18. Bf4 Qh5 19. Nxb6 axb6 20. f3 exf3
21. exf3 Bh3 22. Rfe1 Bxg2 23. Kxg2 g5 24. g4 Qg6 25. Bg3 Nc5 26. Qc4 Qf6 27.
Qb5 Rec8 28. Re2 h6 29. d6 Ne6 30. Qxb6 Rxa2 31. Qxb7 Rd8 32. Qe7 Qxe7 33. dxe7
Re8 34. Bd6 Ra7 35. b4 Rd7 36. Kg3 Rexe7 37. Bxe7 Rxd1 38. Bf6 Nf4 39. Rb2 Nd3
40. Re2 Nf4 41. Rb2 Nd3 1/2-1/2

[Event "CAN-op U2400"]
[Site "Montreal CAN"]
[Date "2014.07.20"]
[Round "2"]
[White "Doubleday, William"]
[Black "Song, Sam"]
[Result "1/2-1/2"]
[WhiteElo "2059"]
[BlackElo "2030"]
[PlyCount "48"]
[EventDate "2014.07.19"]
[EventType "swiss"]
[EventRounds "9"]
[EventCountry "CAN"]

1. d4 Nf6 2. c4 e6 3. Nc3 Bb4 4. e3 O-O 5. Nge2 c5 6. a3 Bxc3+ 7. Nxc3 d6 8.
Be2 Nc6 9. O-O a6 10. b3 Rb8 11. Rb1 Qa5 12. Bd2 cxd4 13. Nb5 Qd8 14. Nxd4 e5
15. Nxc6 bxc6 16. Qc2 d5 17. Bb4 Re8 18. Rfd1 a5 19. Bc5 Be6 20. b4 axb4 21.
axb4 Ne4 22. cxd5 cxd5 23. f3 Nxc5 24. bxc5 Qc7 1/2-1/2

[Event "CAN-op U2400"]
[Site "Montreal CAN"]
[Date "2014.07.20"]
[Round "2"]
[White "Fillion, Steve"]
[Black "Caceres Cortes, Julio"]
[Result "1-0"]
[WhiteElo "2140"]
[BlackElo "2044"]
[PlyCount "59"]
[EventDate "2014.07.19"]
[EventType "swiss"]
[EventRounds "9"]
[EventCountry "CAN"]

1. e4 e5 2. Nf3 Nc6 3. Nc3 Nf6 4. Bb5 Bc5 5. Nxe5 Nxe5 6. d4 Bd6 7. f4 Bb4 8.
fxe5 Nxe4 9. Qf3 Qh4+ 10. g3 Ng5 11. Bxg5 Qxg5 12. O-O O-O 13. Ne4 Qh6 14. Bc4
d5 15. Bxd5 Bh3 16. Rf2 Ba5 17. Bxf7+ Kh8 18. Qe2 Bb6 19. c3 Rad8 20. Kh1 Qc6
21. Re1 g6 22. Rf6 Qd7 23. e6 Qe7 24. g4 c5 25. dxc5 Bxc5 26. Qf3 Rd5 27. Qxh3
Re5 28. Rxg6 Rxe4 29. Rf1 Bd6 30. Rh6 1-0

[Event "CAN-op U2400"]
[Site "Montreal CAN"]
[Date "2014.07.20"]
[Round "2"]
[White "Gelet, Seymour"]
[Black "Destree, Frederic"]
[Result "1-0"]
[WhiteElo "2083"]
[BlackElo "1944"]
[PlyCount "109"]
[EventDate "2014.07.19"]
[EventType "swiss"]
[EventRounds "9"]
[EventCountry "CAN"]

1. d4 Nf6 2. c4 g6 3. Nc3 Bg7 4. e4 d6 5. Be2 O-O 6. Nf3 Na6 7. Bg5 h6 8. Bf4
Nh5 9. Be3 e5 10. Qd2 Kh7 11. O-O-O exd4 12. Nxd4 Nf6 13. f3 Nc5 14. g4 Ne6 15.
h4 Nxd4 16. Bxd4 Ng8 17. Bxg7 Kxg7 18. c5 Be6 19. cxd6 cxd6 20. Qxd6 Qxd6 21.
Rxd6 Rac8 22. Kb1 Ne7 23. Rhd1 g5 24. h5 Rfe8 25. Bb5 Nc6 26. Ne2 Red8 27. b3
Rxd6 28. Rxd6 Rd8 29. Rxd8 Nxd8 30. Kc2 Kf6 31. Kd2 a6 32. Bc4 Nc6 33. Bd3 Nb4
34. Bb1 Nc6 35. Ke3 Ne5 36. Nd4 Nd7 37. Bd3 Ne5 38. Be2 Bd7 39. Bc4 Nxc4+ 40.
bxc4 Ke5 41. Nb3 b6 42. Nc1 f6 43. Nd3+ Kd6 44. Kd4 a5 45. Nb2 Be8 46. Nd1 Bd7
47. Ne3 Be6 48. Nd5 Bxd5 49. exd5 a4 50. a3 Kd7 51. c5 bxc5+ 52. Kxc5 Kc7 53.
d6+ Kd7 54. Kd5 Ke8 55. Ke6 1-0

[Event "CAN-op U2400"]
[Site "Montreal CAN"]
[Date "2014.07.20"]
[Round "2"]
[White "Itkin, David"]
[Black "Yagiz, Bora"]
[Result "1/2-1/2"]
[WhiteElo "2096"]
[BlackElo "1911"]
[PlyCount "89"]
[EventDate "2014.07.19"]
[EventType "swiss"]
[EventRounds "9"]
[EventCountry "CAN"]

1. e4 d6 2. d4 Nf6 3. Nc3 e5 4. Nf3 Nbd7 5. Bc4 Be7 6. O-O Nb6 7. Bb3 exd4 8.
Qxd4 O-O 9. h3 Nfd7 10. Bf4 Nc5 11. Qd2 a5 12. a3 Nxb3 13. cxb3 Be6 14. Nd4 c6
15. Rad1 d5 16. Qe2 Bc5 17. exd5 Bxd5 18. Qg4 f5 19. Nxf5 Qf6 20. Bh6 Rf7 21.
Nxd5 Nxd5 22. Be3 Bxe3 23. fxe3 Qg6 24. Qxg6 hxg6 25. e4 gxf5 26. exd5 c5 27.
Rfe1 Rd8 28. Re5 g6 29. Re6 Kg7 30. Rb6 Rfd7 31. Kf2 Rxd5 32. Rxd5 Rxd5 33.
Rxb7+ Kf6 34. Ke3 g5 35. Rc7 f4+ 36. Ke2 Re5+ 37. Kf2 Re3 38. Rc6+ Ke7 39. Rxc5
Rxb3 40. Rxa5 Rxb2+ 41. Kf3 Kf6 42. a4 Rb3+ 43. Kf2 Rb2+ 44. Kf3 Rb3+ 45. Kf2
1/2-1/2

[Event "CAN-op U2400"]
[Site "Montreal CAN"]
[Date "2014.07.20"]
[Round "2"]
[White "Klenburg, Mikhail"]
[Black "Trahan, Daniel"]
[Result "1-0"]
[WhiteElo "2368"]
[BlackElo "2078"]
[PlyCount "59"]
[EventDate "2014.07.19"]
[EventType "swiss"]
[EventRounds "9"]
[EventCountry "CAN"]

1. g3 c5 2. Bg2 Nc6 3. e4 g6 4. d3 Bg7 5. f4 d6 6. Nf3 e6 7. O-O Nge7 8. c3 O-O
9. Be3 b6 10. a4 Ba6 11. Bf2 Rc8 12. Na3 Qd7 13. Rb1 e5 14. b4 cxb4 15. cxb4
Bb7 16. Nc2 Rfe8 17. Re1 Nd8 18. Ne3 exf4 19. gxf4 Bc3 20. Rf1 Ndc6 21. b5 Nd4
22. Nxd4 Bxd4 23. Ng4 Bg7 24. Bh4 Qe6 25. f5 gxf5 26. exf5 Nxf5 27. Rxf5 Qxf5
28. Bxb7 Bd4+ 29. Kh1 Rc7 30. Nh6+ 1-0

[Event "CAN-op U2400"]
[Site "Montreal CAN"]
[Date "2014.07.20"]
[Round "2"]
[White "Larochelle, Martial"]
[Black "Chan, James"]
[Result "1/2-1/2"]
[WhiteElo "2133"]
[BlackElo "2023"]
[PlyCount "62"]
[EventDate "2014.07.19"]
[EventType "swiss"]
[EventRounds "9"]
[EventCountry "CAN"]

1. d4 d5 2. c4 c6 3. Nf3 Nf6 4. Nc3 a6 5. c5 Nbd7 6. Bf4 Nh5 7. e3 g6 8. Qd2
Bg7 9. Bd3 Nxf4 10. exf4 b6 11. cxb6 Qxb6 12. Be2 Rb8 13. b3 e6 14. Rc1 O-O 15.
Na4 Qc7 16. Ne5 Nxe5 17. fxe5 f6 18. exf6 Bxf6 19. Bf3 a5 20. O-O Rb4 21. Qc3
Bxd4 22. Qxc6 Qxc6 23. Rxc6 Bd7 24. Rd6 Bxa4 25. bxa4 Rb6 26. Rxb6 Bxb6 27. Rc1
Kf7 28. Kf1 Ke7 29. Rc6 Bd8 30. Bg4 Rf6 31. g3 e5 1/2-1/2

[Event "CAN-op U2400"]
[Site "Montreal CAN"]
[Date "2014.07.20"]
[Round "2"]
[White "Lopez Linares, Lizandro"]
[Black "Pepin, Christian"]
[Result "0-1"]
[WhiteElo "2025"]
[BlackElo "1929"]
[PlyCount "54"]
[EventDate "2014.07.19"]
[EventType "swiss"]
[EventRounds "9"]
[EventCountry "CAN"]

1. d4 d5 2. Nf3 f5 3. Bf4 Nf6 4. e3 e6 5. c4 c6 6. Nc3 Be7 7. Bd3 O-O 8. Qb3
Ne4 9. cxd5 cxd5 10. Bxb8 Rxb8 11. Ne5 Bd6 12. Bxe4 fxe4 13. f4 exf3 14. Nxf3
Bd7 15. O-O Qe7 16. Rae1 Bc6 17. a4 a6 18. e4 dxe4 19. Nxe4 Bd5 20. Qd3 b5 21.
axb5 axb5 22. b3 Bf4 23. Nc5 Qd6 24. Ne5 Rf5 25. Ncd7 Ra8 26. Rf2 Bxh2+ 27.
Kxh2 Rxf2 0-1

[Event "CAN-op U2400"]
[Site "Montreal CAN"]
[Date "2014.07.20"]
[Round "2"]
[White "Oussedik, Elias"]
[Black "Drkulec, Vladimir"]
[Result "1-0"]
[WhiteElo "2100"]
[BlackElo "1922"]
[PlyCount "123"]
[EventDate "2014.07.19"]
[EventType "swiss"]
[EventRounds "9"]
[EventCountry "CAN"]

1. Nf3 Nf6 2. c4 g6 3. Nc3 Bg7 4. g3 O-O 5. Bg2 d5 6. cxd5 Nxd5 7. O-O c5 8. a3
Nc6 9. Ng5 Nxc3 10. bxc3 Bd7 11. a4 Rc8 12. Qc2 b6 13. d3 h6 14. Nf3 e5 15. e4
Be6 16. Be3 Qd7 17. Rfd1 Bg4 18. Rf1 Rfd8 19. Ne1 Nd4 20. Bxd4 cxd4 21. c4 Bf8
22. Qd2 Kg7 23. Nc2 a5 24. f3 Be6 25. f4 f6 26. Qf2 Be7 27. f5 Bf7 28. fxg6
Bxg6 29. Na3 Rf8 30. Nb5 Rf7 31. Qe2 Rg8 32. Bf3 Bd8 33. Bg4 Qe7 34. Rf2 Rh8
35. Bf5 h5 36. Bxg6 Kxg6 37. Rf5 Rh6 38. Raf1 Bc7 39. Qf3 Bd8 40. Kh1 Rfh7 41.
Nc7 Kg7 42. Nd5 Qd6 43. Rf2 h4 44. g4 h3 45. g5 Rg6 46. gxf6+ Kf7 47. Ne7 Bxe7
48. fxe7+ Kxe7 49. Rf7+ Rxf7 50. Qxf7+ Kd8 51. Qf8+ Qxf8 52. Rxf8+ Kc7 53. Rh8
Rg2 54. Rxh3 Rd2 55. Rf3 Kd6 56. h4 b5 57. cxb5 Rc2 58. h5 Rc8 59. Rf6+ Ke7 60.
Rc6 Rh8 61. h6 Kd7 62. Kg2 1-0

[Event "CAN-op U2400"]
[Site "Montreal CAN"]
[Date "2014.07.20"]
[Round "2"]
[White "Shi, Diwen"]
[Black "Gardner, Robert"]
[Result "1/2-1/2"]
[WhiteElo "1934"]
[BlackElo "2164"]
[PlyCount "65"]
[EventDate "2014.07.19"]
[EventType "swiss"]
[EventRounds "9"]
[EventCountry "CAN"]

1. e4 d6 2. d4 Nf6 3. Nc3 g6 4. Bg5 Bg7 5. Qd2 h6 6. Bh4 e5 7. dxe5 Nxe4 8. Qf4
Ng5 9. exd6 Bxc3+ 10. bxc3 Qxd6 11. Qxd6 cxd6 12. O-O-O Kd7 13. Bc4 Rf8 14. f3
Kc6 15. f4 Be6 16. Bxe6 Nxe6 17. Be7 Re8 18. Bxd6 Rd8 19. Be5 Rxd1+ 20. Kxd1
Nd7 21. Nf3 f6 22. Nd4+ Nxd4 23. Bxd4 Re8 24. Kd2 f5 25. Rb1 b6 26. Rb4 a5 27.
Rb1 Re4 28. g3 b5 29. a4 bxa4 30. Kd3 g5 31. fxg5 hxg5 32. Rf1 Ne5+ 33. Bxe5
1/2-1/2

[Event "CAN-op U2400"]
[Site "Montreal CAN"]
[Date "2014.07.20"]
[Round "2"]
[White "Singher, Jean-Pierre"]
[Black "Voskanyan, Vahagn"]
[Result "0-1"]
[WhiteElo "2060"]
[BlackElo "2225"]
[PlyCount "52"]
[EventDate "2014.07.19"]
[EventType "swiss"]
[EventRounds "9"]
[EventCountry "CAN"]

1. Nf3 d5 2. d4 c5 3. e3 Nf6 4. Nbd2 cxd4 5. exd4 Nc6 6. Be2 Bf5 7. c3 h6 8.
O-O e6 9. Re1 Bd6 10. Nf1 O-O 11. Ng3 Bh7 12. Bd3 Bxd3 13. Qxd3 Qc7 14. Be3
Rab8 15. Re2 Rfc8 16. Rae1 b5 17. b4 Ne7 18. Rc1 Ng6 19. Rd1 a5 20. a3 Qb7 21.
h4 Ra8 22. Ne5 axb4 23. axb4 Ra3 24. Qd2 Ne4 25. Nxe4 dxe4 26. Bf4 Qd5 0-1

[Event "CAN-op U2400"]
[Site "Montreal CAN"]
[Date "2014.07.20"]
[Round "2"]
[White "Sprumont, Oscar"]
[Black "Abreu Cordero, Jose"]
[Result "1-0"]
[WhiteElo "1948"]
[BlackElo "2069"]
[PlyCount "143"]
[EventDate "2014.07.19"]
[EventType "swiss"]
[EventRounds "9"]
[EventCountry "CAN"]

1. Nf3 d5 2. c4 e6 3. g3 c6 4. b3 Nf6 5. Bg2 Nbd7 6. Bb2 Bd6 7. d4 b6 8. O-O
Ba6 9. Nbd2 O-O 10. Rc1 Rc8 11. Qc2 Qe7 12. Rfe1 Rfd8 13. Qb1 Bb4 14. Red1 h6
15. Qa1 Ba3 16. Re1 Bb7 17. Ne5 Bb4 18. Bc3 a5 19. Nd3 Ba3 20. Bb2 Ba6 21. Rc2
Bxb2 22. Qxb2 b5 23. cxb5 Bxb5 24. Qc3 Bxd3 25. exd3 Qb4 26. Rec1 Nb8 27. f4
Nfd7 28. f5 Re8 29. fxe6 fxe6 30. Bh3 Re7 31. Nf3 Rf8 32. Qxb4 axb4 33. Ne5
Nxe5 34. dxe5 Rf3 35. Rd2 g5 36. Bg4 Re3 37. d4 Kf7 38. Kf2 Rc3 39. Rxc3 bxc3
40. Rc2 Kg6 41. Rxc3 h5 42. Bh3 Rf7+ 43. Ke3 g4 44. Bg2 Kg7 45. Rc2 Ra7 46. Kd2
Rb7 47. Kc1 Rb4 48. Rd2 Nd7 49. Kb2 Kg6 50. Kc3 Rb8 51. b4 Ra8 52. Kb3 Kg5 53.
Rc2 Nb8 54. Rf2 Nd7 55. Rf7 Nb6 56. Bf1 Nc4 57. Bxc4 dxc4+ 58. Kb2 c3+ 59. Kb3
c2 60. Rf1 Rf8 61. Rc1 Rf3+ 62. Kb2 Rd3 63. Rxc2 Rxd4 64. a3 h4 65. Rxc6 Rd2+
66. Rc2 Rxh2 67. Rxh2 hxg3 68. Rc2 Kf4 69. b5 Kf3 70. b6 g2 71. Rxg2 Kxg2 72.
b7 1-0

[Event "CAN-op U2400"]
[Site "Montreal CAN"]
[Date "2014.07.20"]
[Round "2"]
[White "Trottier, Emile"]
[Black "Dorrance, Adam"]
[Result "0-1"]
[WhiteElo "2168"]
[BlackElo "2018"]
[PlyCount "84"]
[EventDate "2014.07.19"]
[EventType "swiss"]
[EventRounds "9"]
[EventCountry "CAN"]

1. e4 c6 2. d4 d5 3. exd5 cxd5 4. c4 Nf6 5. Nc3 g6 6. Nf3 Bg7 7. Be2 O-O 8. O-O
Nc6 9. Be3 dxc4 10. Bxc4 Bg4 11. h3 Bxf3 12. Qxf3 Nd7 13. Rfd1 Nb6 14. Bb3 Rc8
15. Rac1 Qd7 16. Na4 Nxd4 17. Bxd4 Rxc1 18. Rxc1 Qxd4 19. Nc5 Nd7 20. Nxb7 Qxb2
21. Rd1 Nb6 22. Nd8 Bf6 23. Nc6 a6 24. g3 e6 25. Nb4 a5 26. Qc6 Bd4 27. Nc2 Rc8
28. Qe4 Bf6 29. Ne3 Rb8 30. Ng4 Bg7 31. Qf4 Rf8 32. Rd6 Nd5 33. Bxd5 exd5 34.
Qa4 h5 35. Ne3 d4 36. Nc2 Qb1+ 37. Kg2 Qb7+ 38. Kh2 Qf3 39. Nxd4 Qxf2+ 40. Kh1
Qxg3 41. Qd7 Be5 42. Rxg6+ fxg6 0-1

[Event "CAN-op U2400"]
[Site "Montreal CAN"]
[Date "2014.07.20"]
[Round "2"]
[White "Upper, John"]
[Black "Burrows, Zachary"]
[Result "0-1"]
[WhiteElo "2042"]
[BlackElo "2138"]
[PlyCount "151"]
[EventDate "2014.07.19"]
[EventType "swiss"]
[EventRounds "9"]
[EventCountry "CAN"]

1. d4 Nf6 2. c4 c5 3. d5 Ne4 4. f3 Qa5+ 5. Nd2 Nd6 6. e4 g6 7. Qc2 Bg7 8. Bd3
Na6 9. a3 Rb8 10. Ne2 b5 11. O-O b4 12. f4 O-O 13. e5 Ne8 14. Nf3 d6 15. Ng3
bxa3 16. bxa3 Nb4 17. axb4 Qxa1 18. bxc5 dxe5 19. fxe5 Bxe5 20. Bf4 Qxf1+ 21.
Nxf1 Bxf4 22. Nd4 Nf6 23. Nc6 Rb7 24. Qa2 Bg4 25. h3 Bc8 26. Nxa7 Rc7 27. Nb5
Rxc5 28. Qf2 Rxb5 29. cxb5 Bd6 30. Bc4 Bb7 31. Qd4 Rc8 32. Ne3 Bc5 33. Qd3 Ra8
34. Kh2 Ra3 35. Bb3 Bd6+ 36. g3 Ra1 37. Nc2 Ra8 38. Qd4 Nh5 39. Qb6 Rb8 40. Qa7
Nxg3 41. Kg2 Ne4 42. Ne3 Nc5 43. Bc4 Nd7 44. Kf2 Bc5 45. Qa5 Nb6 46. Qa7 Nd7
47. Qa5 Bb6 48. Qb4 Nc5 49. Ke2 Bc8 50. Qe1 Bc7 51. h4 h5 52. Qa1 Bd6 53. Qa5
Bb7 54. Nc2 Ra8 55. Qb6 Ra4 56. Ne3 Kg7 57. Kf3 Rxc4 58. Nxc4 Bxd5+ 59. Ke3
Bxc4 60. Qc6 f5 61. b6 Ba6 62. Qa8 Bb7 63. Qa1+ e5 64. Qd1 f4+ 65. Kf2 Ne4+ 66.
Kg1 Bc5+ 67. Kh2 Bd4 68. Qb3 Nc5 69. Qb5 Kf7 70. Qc4+ Ne6 71. Qb5 Ke7 72. Qb1
e4 73. Qb4+ Bc5 74. Qc3 f3 75. Qh8 Kf7 76. Qb8 0-1

[Event "CAN-op U2400"]
[Site "Montreal CAN"]
[Date "2014.07.20"]
[Round "2"]
[White "Voloaca, Mihnea"]
[Black "Doknjas, John"]
[Result "1-0"]
[WhiteElo "2227"]
[BlackElo "1993"]
[PlyCount "105"]
[EventDate "2014.07.19"]
[EventType "swiss"]
[EventRounds "9"]
[EventCountry "CAN"]

1. Nf3 Nf6 2. c4 c5 3. Nc3 b6 4. g3 Bb7 5. Bg2 e6 6. O-O d6 7. Re1 Nbd7 8. e4
a6 9. d3 Be7 10. a3 Qc7 11. Bf4 O-O 12. Rc1 Kh8 13. b4 Ng8 14. Qd2 Bf6 15. h4
Ne5 16. Nh2 Nc6 17. Ne2 Be5 18. Be3 Bd4 19. Bxd4 Nxd4 20. Nxd4 cxd4 21. f4 e5
22. f5 Qe7 23. Qf2 Rfc8 24. g4 Bc6 25. g5 Be8 26. Nf1 Rc7 27. Nd2 Rac8 28. Bf1
Ra8 29. Be2 f6 30. Qg3 a5 31. b5 Raa7 32. Kf2 Rab7 33. Rh1 Ra7 34. Nf3 Rcb7 35.
Rcg1 Qf8 36. Ke1 Re7 37. Rh2 Rec7 38. Rhg2 Rcb7 39. h5 h6 40. gxh6 Nxh6 41. Nh4
Kh7 42. Kf2 Rc7 43. Nf3 Qh8 44. Qh4 Qg8 45. Nh2 Kh8 46. Ng4 Qh7 47. Nxf6 Nxf5
48. exf5 Qxf5+ 49. Ke1 Bxb5 50. Ne4 Bxc4 51. dxc4 d5 52. Qd8+ Kh7 53. Ng5+ 1-0

[Event "CAN-op U2400"]
[Site "Montreal CAN"]
[Date "2014.07.20"]
[Round "2"]
[White "Wiebe, Daniel"]
[Black "Baciu, Diana"]
[Result "0-1"]
[WhiteElo "1874"]
[BlackElo "2294"]
[PlyCount "78"]
[EventDate "2014.07.19"]
[EventType "swiss"]
[EventRounds "9"]
[EventCountry "CAN"]

1. e4 e6 2. d4 d5 3. Nc3 Bb4 4. a3 Bxc3+ 5. bxc3 Ne7 6. Qg4 O-O 7. e5 f5 8. Qh4
c5 9. Bd3 Qc7 10. Bd2 Ng6 11. Qh5 cxd4 12. cxd4 Nxe5 13. Nf3 Nxd3+ 14. cxd3 Nc6
15. O-O Bd7 16. Rfe1 Rf6 17. Bg5 Rf7 18. Rac1 Qd6 19. Ne5 Nxe5 20. Bf4 Qxa3 21.
Bxe5 Bc6 22. Rcd1 g6 23. Qh6 Qf8 24. Qf4 a5 25. Re3 h5 26. Bd6 Qe8 27. Qg5 Kh7
28. Rde1 Rd7 29. Rg3 Rg7 30. Be5 Rg8 31. Rh3 Qf8 32. Bf4 Rh8 33. Rxh5+ gxh5 34.
Be5 Qf7 35. Re3 Rhg8 36. Qh4 Rg4 37. Qh3 a4 38. f3 Rgg8 39. g4 a3 0-1

[Event "CAN-op U2400"]
[Site "Montreal CAN"]
[Date "2014.07.20"]
[Round "3"]
[White "Abreu Cordero, Jose"]
[Black "Gilbert, Erick"]
[Result "1-0"]
[WhiteElo "2069"]
[BlackElo "1946"]
[PlyCount "123"]
[EventDate "2014.07.19"]
[EventType "swiss"]
[EventRounds "9"]
[EventCountry "CAN"]

1. e4 c5 2. Nf3 e6 3. d4 cxd4 4. Nxd4 Nc6 5. Nb5 d6 6. c4 a6 7. N5a3 Nf6 8. Nc3
Be7 9. Be3 O-O 10. Be2 Qc7 11. Nc2 Rb8 12. Qd2 Ne5 13. b3 Bd7 14. h3 Rfc8 15.
f4 Ng6 16. Bd3 b5 17. O-O bxc4 18. bxc4 Bc6 19. Nd4 d5 20. cxd5 exd5 21. e5 Ne4
22. Nxe4 dxe4 23. Bxa6 Bb7 24. Rac1 Qd7 25. Bb5 Qd5 26. a4 Bc5 27. Qf2 Rd8 28.
Rxc5 Qxc5 29. Nc6 Qa3 30. Nxb8 Rxb8 31. Bc5 Qc3 32. Bd4 Qb3 33. f5 Ne7 34. f6
Ng6 35. Rc1 Rd8 36. Kh2 Qd5 37. Rc7 e3 38. Bxe3 Qxe5+ 39. Qg3 Qe4 40. Re7 Qd5
41. Bb6 Rf8 42. Rd7 Qe4 43. Rd4 Qc2 44. a5 Qb2 45. Bd3 gxf6 46. Rd6 Qe5 47. a6
Ba8 48. Bd4 Qxg3+ 49. Kxg3 Ne5 50. Bxe5 fxe5 51. a7 f5 52. Rb6 f4+ 53. Kf2 e4
54. Bc4+ Kg7 55. Rb8 e3+ 56. Kf1 f3 57. gxf3 Bxf3 58. Ke1 h6 59. Be2 Bc6 60.
Bg4 Bd5 61. Rxf8 Kxf8 62. Ke2 1-0

[Event "CAN-op U2400"]
[Site "Montreal CAN"]
[Date "2014.07.20"]
[Round "3"]
[White "Allard, Laurent"]
[Black "Itkin, David"]
[Result "0-1"]
[WhiteElo "1945"]
[BlackElo "2096"]
[PlyCount "94"]
[EventDate "2014.07.19"]
[EventType "swiss"]
[EventRounds "9"]
[EventCountry "CAN"]

1. e4 d5 2. exd5 Nf6 3. d4 Bg4 4. Be2 Bxe2 5. Nxe2 Qxd5 6. O-O Nc6 7. Nbc3 Qh5
8. Ng3 Qxd1 9. Rxd1 O-O-O 10. Be3 e6 11. f3 Be7 12. Nce4 Nd5 13. Bf2 h5 14. c3
h4 15. Ne2 h3 16. g3 Nb6 17. b3 e5 18. c4 f5 19. N4c3 Bb4 20. d5 Nd4 21. Bxd4
exd4 22. Nb5 d3 23. Rxd3 c6 24. Nbc3 Nd7 25. f4 Nf6 26. Nd4 Rhe8 27. Rad1 cxd5
28. Nxd5 Nxd5 29. cxd5 Rxd5 30. Nc2 Rxd3 31. Rxd3 Bc5+ 32. Kf1 Bb6 33. Ne1 Re6
34. Nf3 Rc6 35. Rd2 Ba5 36. Rb2 Rc1+ 37. Kf2 Bb6+ 38. Ke2 Rc3 39. Nh4 Rxg3 40.
Rc2+ Kd7 41. Nxf5 Rg2+ 42. Kd3 Rxc2 43. Kxc2 Bg1 44. Nxg7 Bxh2 45. Nh5 Bxf4 46.
Nf6+ Ke6 47. Ng4 Bg3 0-1

[Event "CAN-op U2400"]
[Site "Montreal CAN"]
[Date "2014.07.20"]
[Round "3"]
[White "Baciu, Diana"]
[Black "Ang, Alan"]
[Result "1-0"]
[WhiteElo "2294"]
[BlackElo "2017"]
[PlyCount "85"]
[EventDate "2014.07.19"]
[EventType "swiss"]
[EventRounds "9"]
[EventCountry "CAN"]

1. e4 e6 2. d4 d5 3. Nd2 Nf6 4. e5 Nfd7 5. Bd3 c5 6. c3 Nc6 7. Ne2 cxd4 8. cxd4
f6 9. Nf4 Nxd4 10. Qh5+ Ke7 11. Ng6+ hxg6 12. exf6+ Nxf6 13. Qxh8 Kf7 14. Qh4
e5 15. Nf3 Bb4+ 16. Kf1 Nxf3 17. gxf3 Qe7 18. Bg5 Bf5 19. Bxf5 gxf5 20. Bxf6
gxf6 21. Rg1 Ke6 22. Qh6 Rf8 23. Rg7 Rf7 24. Rxf7 Qxf7 25. Rc1 d4 26. Qh8 Bd6
27. Qc8+ Qd7 28. h4 e4 29. Qc4+ Ke5 30. f4+ Kxf4 31. Qxd4 Qb5+ 32. Kg2 Qe5 33.
Qe3+ Kg4 34. Qe2+ Kf4 35. Kh3 Qe8 36. Rd1 Ke5 37. Qc4 Qc6 38. Qxc6 bxc6 39. h5
Bf8 40. Rd8 Bh6 41. Rh8 Bg7 42. Rg8 Bh6 43. Rg6 1-0

[Event "CAN-op U2400"]
[Site "Montreal CAN"]
[Date "2014.07.20"]
[Round "3"]
[White "Beaulieu, Pierre"]
[Black "Haddadi, Farshad"]
[Result "1-0"]
[WhiteElo "1858"]
[BlackElo "2000"]
[PlyCount "60"]
[EventDate "2014.07.19"]
[EventType "swiss"]
[EventRounds "9"]
[EventCountry "CAN"]

1. f4 d5 2. Nf3 c5 3. e3 Nf6 4. Be2 Bf5 5. d3 Nc6 6. O-O e6 7. Ne5 h5 8. Nxc6
bxc6 9. Nd2 h4 10. Nf3 Bd6 11. Qe1 Bg4 12. Ng5 Ke7 13. e4 c4 14. e5 Bc5+ 15.
Kh1 Bxe2 16. Qxe2 Nh5 17. f5 f6 18. exf6+ Kd7 19. fxe6+ Kc7 20. Be3 Qd6 21.
Bxc5 Qxc5 22. Qe5+ Kb6 23. fxg7 Rh6 24. d4 Qb4 25. c3 Qxb2 26. Rab1 Ng3+ 27.
Qxg3 hxg3 28. Rxb2+ Kc7 29. Rf8 Rg6 30. Rxa8 Rxg7 1-0

[Event "CAN-op U2400"]
[Site "Montreal CAN"]
[Date "2014.07.20"]
[Round "3"]
[White "Berube, Antoine"]
[Black "Bouchard, Jean-Marc"]
[Result "1/2-1/2"]
[WhiteElo "2165"]
[BlackElo "1925"]
[PlyCount "93"]
[EventDate "2014.07.19"]
[EventType "swiss"]
[EventRounds "9"]
[EventCountry "CAN"]

1. d4 e6 2. c4 d5 3. Nc3 f5 4. Bf4 c6 5. e3 Nf6 6. Nf3 Be7 7. h3 Nbd7 8. Qc2
Ne4 9. Ne5 Bf6 10. Nxd7 Qxd7 11. O-O-O Nxc3 12. Qxc3 b6 13. Qb3 Qe7 14. g4 Bb7
15. cxd5 cxd5 16. gxf5 exf5 17. Bg2 Qd7 18. h4 Bc6 19. Kb1 O-O 20. Rc1 Rfd8 21.
h5 Rac8 22. Bh3 Kf8 23. Qd3 g6 24. hxg6 hxg6 25. Rcg1 Bb5 26. Qd2 Kf7 27. Bg2
Rh8 28. Rxh8 Rxh8 29. Rc1 Bc6 30. Qc3 Rc8 31. Qb3 Kg7 32. Qa3 Rd8 33. Rg1 Kf7
34. Rh1 Rh8 35. Rxh8 Bxh8 36. Qd6 Qxd6 37. Bxd6 Ke6 38. Bb8 Kd7 39. Kc2 Bf6 40.
Kd2 Be7 41. a3 Bd6 42. Bxd6 Kxd6 43. Bf1 g5 44. Ba6 Bd7 45. Bb7 Bc6 46. Bc8 Bd7
47. Bb7 1/2-1/2

[Event "CAN-op U2400"]
[Site "Montreal CAN"]
[Date "2014.07.20"]
[Round "3"]
[White "Burrows, Zachary"]
[Black "Chabot, Roland"]
[Result "1-0"]
[WhiteElo "2138"]
[BlackElo "2198"]
[PlyCount "109"]
[EventDate "2014.07.19"]
[EventType "swiss"]
[EventRounds "9"]
[EventCountry "CAN"]

1. e4 d6 2. d4 Nf6 3. Nc3 e5 4. dxe5 dxe5 5. Qxd8+ Kxd8 6. Bg5 c6 7. O-O-O+ Kc7
8. Bc4 Be6 9. Bxe6 fxe6 10. f4 Ng4 11. Bd8+ Kc8 12. Bh4 Bc5 13. fxe5 Nd7 14.
Nf3 Nf2 15. Bxf2 Bxf2 16. Kb1 Be3 17. Rd6 Re8 18. Rhd1 Nf8 19. b4 Bb6 20. b5
Bc7 21. R6d3 Ng6 22. Rd7 Nxe5 23. Rxc7+ Kxc7 24. Nxe5 Rad8 25. Rf1 Rf8 26. Rxf8
Rxf8 27. Nf3 Rf6 28. Kc1 Rg6 29. Ne1 Rh6 30. h3 Rh5 31. a4 Kb6 32. bxc6 Kxc6
33. Kd2 a6 34. Nd3 Rg5 35. g4 h5 36. Ke3 hxg4 37. hxg4 e5 38. Nd5 Kd6 39. Kf3
Rg6 40. c4 Rh6 41. Kg2 Rh4 42. Ne3 g6 43. c5+ Ke6 44. c6 bxc6 45. Nc5+ Kf6 46.
Nxa6 Kg5 47. Nc5 Kf4 48. Kf2 Rh2+ 49. Ng2+ Kxg4 50. Nd3 Rh8 51. Nxe5+ Kh5 52.
Nf4+ Kg5 53. Nf7+ Kxf4 54. Nxh8 Kxe4 55. a5 1-0

[Event "CAN-op U2400"]
[Site "Montreal CAN"]
[Date "2014.07.20"]
[Round "3"]
[White "Caluza, Severo"]
[Black "Twesigye, Derick"]
[Result "0-1"]
[WhiteElo "1725"]
[BlackElo "2023"]
[PlyCount "74"]
[EventDate "2014.07.19"]
[EventType "swiss"]
[EventRounds "9"]
[EventCountry "CAN"]

1. c4 Nf6 2. Nc3 g6 3. g3 d5 4. cxd5 Nxd5 5. Bg2 Nb6 6. d4 Bg7 7. Nf3 O-O 8.
O-O Nc6 9. e3 e5 10. d5 Na5 11. e4 c6 12. Re1 Re8 13. Rb1 cxd5 14. exd5 Bf5 15.
Ra1 Rc8 16. Nh4 Bd7 17. Ne4 Bb5 18. b4 Ba4 19. Qf3 f5 20. bxa5 fxe4 21. Qxe4
Bc2 22. Qg4 Nxd5 23. Bg5 Qd6 24. Rac1 Rc7 25. Be4 Bxe4 26. Rxc7 Qxc7 27. Qxe4
Qxa5 28. Rd1 Nb6 29. Be3 Qxa2 30. Bxb6 axb6 31. Qxb7 Rf8 32. Qxb6 Qe2 33. Rb1
e4 34. Ng2 Bh6 35. Qe6+ Kh8 36. Nf4 Bxf4 37. gxf4 Qf3 0-1

[Event "CAN-op U2400"]
[Site "Montreal CAN"]
[Date "2014.07.20"]
[Round "3"]
[White "De Kerpel, Stijn"]
[Black "Doknjas, John"]
[Result "0-1"]
[WhiteElo "2183"]
[BlackElo "1993"]
[PlyCount "120"]
[EventDate "2014.07.19"]
[EventType "swiss"]
[EventRounds "9"]
[EventCountry "CAN"]

1. c4 c5 2. g3 Nc6 3. Bg2 g6 4. Nc3 Bg7 5. a3 e6 6. b4 Nxb4 7. axb4 cxb4 8. d4
bxc3 9. Nf3 Ne7 10. Qd3 O-O 11. Ba3 d5 12. O-O b6 13. c5 Re8 14. cxb6 Qxb6 15.
Qxc3 Bd7 16. Bc5 Qc7 17. Qa3 Nc6 18. Rfc1 Rec8 19. e3 Qd8 20. Bf1 a5 21. Rab1
Rcb8 22. Bd6 Rxb1 23. Rxb1 Bf8 24. Nd2 Bxd6 25. Qxd6 Be8 26. Qc5 Qe7 27. Qc3 a4
28. Bd3 a3 29. Rb6 a2 30. Qa1 Nb4 31. Bb1 axb1=Q+ 32. Qxb1 Nc6 33. Nb3 Rb8 34.
Nc5 Rxb6 35. Qxb6 Qa7 36. Qb2 Qb8 37. Qa3 Qa7 38. Qb2 Qb8 39. Qa3 Kg7 40. Qa6
Qa7 41. Qc8 Qe7 42. f4 Kf8 43. Kg2 h6 44. h4 Nd8 45. Kf3 f6 46. g4 Kf7 47. Kf2
Nc6 48. Nd3 e5 49. dxe5 fxe5 50. h5 gxh5 51. Qf5+ Qf6 52. Qh7+ Kf8 53. gxh5
Bxh5 54. Qc7 Qh4+ 55. Kg2 Qg4+ 56. Kh2 Qe2+ 57. Kh3 Qxd3 58. Qxc6 Qxe3+ 59. Kg2
Bf3+ 60. Kg3 exf4+ 0-1